Normal view
MARC view
Entry Topical Term
001 - CONTROL NUMBER
- control field: 41776
003 - CONTROL NUMBER IDENTIFIER
- control field: OSt
005 - DATE AND TIME OF LATEST TRANSACTION
- control field: 20230524204849.0
008 - FIXED-LENGTH DATA ELEMENTS
- fixed length control field: 230524|| aca||aabn | a|a d
040 ## - CATALOGING SOURCE
- Original cataloging agency: OSt
- Transcribing agency: OSt
150 ## - HEADING--TOPICAL TERM
- Topical term or geographic name entry element: Misalliance
670 ## - SOURCE DATA FOUND
- Source citation: Work cat.: (OSt)56210: Hugh Toye 41775, Subhash Chandra Bose The Springing Tiger, 2015
